000 00559nam a2200145Ia 4500
008 100122s9999 xx 000 0 und d
082 _b42729
_a927.92
100 _aइसाक मुजावर
245 _aगुरुदत्त : एक अशांत कलावंत
260 _bश्रीविद्या प्रकाशन
_c1989
300 _a138
630 _aगुरुदत्त : एक अशांत कलावंत
730 _aगुरुदत्त : एक अशांत कलावंत
942 _cBOOK
999 _c423048
_d423045